[Event "Amsterdam (Euwe Memorial)"]
[Site "?"]
[Date "1988.??.??"]
[Round "?"]
[White "Karpov, A."]
[Black "Ljubojevic, Lj"]
[Result "1/2-1/2"]
[WhiteElo "2715"]
[BlackElo "2610"]
[PlyCount "158"]
[EventDate "1988.??.??"]
[Source "ChessBase"]
[SourceDate "1988.01.01"]

1. d4 d5 2. c4 c6 3. Nf3 Nf6 4. e3 g6 5. Nc3 Bg7 6. Be2 O-O 7. O-O a6 8. Qb3 dxc4 9. Bxc4 b5 10. Be2 c5 11. dxc5 Qc7 12. a4 Nbd7 13. axb5 Nxc5 14. Qb4 Rb8 15. Bd2 axb5 16. Nxb5 Qb6 17. Qa3 Bd7 18. Ba5 Qb7 19. Nbd4 Nfe4 20. b4 Na4 21. b5 Nac5 22. Rfb1 Rfc8 23. b6 Ra8 24. Qb4 Na4 25. Nd2 Nac3 26. Nxe4 Bxd4 27. Bf3 Bc6 28. exd4 Bxe4 29. Bxe4 Nxe4 30. Rc1 Rxc1+ 31. Rxc1 Nd6 32. Qe1 Rc8 33. Rc5 Kf8 34. h3 Ke8 35. Qe2 h5 36. Qc2 Kd7 37. Qa4+ Kd8 38. Qb4 Rc6 39. Qb3 Kc8 40. Qc2 Rxc5 41. dxc5 Qc6 42. Bb4 Nb7 43. Qa2 Nd8 44. Bd2 Kd7 45. Qa7+ Nb7 46. Be3 Qd5 47. Qa4+ Qc6 48. Qd4+ Ke8 49. Qf4 Nd8 50. Qc7 f6 51. Qg3 Qe4 52. Qb8 h4 53. Qc8 g5 54. Qg4 Qxg4 55. hxg4 e5 56. Kf1 Kd7 57. Ke2 Kc6 58. Kd3 Kd5 59. c6 Kxc6 60. Ke4 Ne6 61. f3 Ng7 62. Bg1 Ne6 63. Be3 Ng7 64. Bxg5 fxg5 65. Kxe5 Kxb6 66. Kf6 Ne8+ 67. Kxg5 Kc5 68. Kxh4 Kd6 69. Kg5 Ke7 70. Kg6 Kf8 71. g5 Kg8 72. f4 Nd6 73. f5 Nc4 74. f6 Ne3 75. f7+ Kf8 76. Kh7 Nf5 77. g4 Nd4 78. Kg6 Nf3 79. Kf6 Nh2 1/2-1/2

[Event "Groningen"]
[Site "?"]
[Date "1992.??.??"]
[Round "?"]
[White "Gurevich, M."]
[Black "Yusupov, A."]
[Result "0-1"]
[WhiteElo "2625"]
[BlackElo "2640"]
[PlyCount "108"]
[EventDate "1992.??.??"]
[Source "ChessBase"]
[SourceDate "1992.10.01"]

1. d4 d5 2. c4 c6 3. Nc3 Nf6 4. e3 g6 5. Nf3 Bg7 6. Bd3 O-O 7. O-O Bg4 8. h3 Bxf3 9. Qxf3 e6 10. Bd2 Nbd7 11. cxd5 Nxd5 12. Rfd1 Qe7 13. Rac1 Nxc3 14. bxc3 e5 15. Rb1 Nb6 16. Bc1 Qe6 17. Rb3 Rad8 18. Qg4 Qf6 19. Ba3 Rfe8 20. Bc5 h5 21. Qe2 Na4 22. Bxa7 Qe7 23. dxe5 Bxe5 24. Bd4 b5 25. Qc2 Nc5 26. Rbb1 Nxd3 27. Rxd3 Bc7 28. c4 Qd6 29. Rdd1 Qh2+ 30. Kf1 bxc4 31. Ba1 Rxd1+ 32. Rxd1 Qh1+ 33. Ke2 Qxg2 34. Qxc4 Bg3 35. Rf1 Be5 36. h4 Bxa1 37. Rxa1 Re5 38. Qf4 Rf5 39. Qg3 Qd5 40. Rd1 Qxa2+ 41. Kf1 Qc4+ 42. Kg1 Rd5 43. Ra1 Qe4 44. Rc1 Kg7 45. Qc7 Qg4+ 46. Kf1 Rd1+ 47. Rxd1 Qxd1+ 48. Kg2 Qd5+ 49. f3 c5 50. e4 Qd2+ 51. Kg3 Qd4 52. e5 c4 53. Qe7 Qg1+ 54. Kh3 Qb6 0-1

[Event "Munich"]
[Site "?"]
[Date "1993.??.??"]
[Round "?"]
[White "Guelfand Hertneck"]
[Black "?"]
[Result "0-1"]
[WhiteElo "2690"]
[BlackElo "2575"]
[PlyCount "101"]
[EventDate "1993.??.??"]
[Source "www.chesslib.no"]
[SourceDate "2004.05.04"]

1. d4 d5 2. c4 c6 3. Nc3 Nf6 4. e3 g6 5. Nf3 Bg7 6. Bd3 O-O 7. h3 Na6 8. O-O Bf5 9. Bxf5 gxf5 10. b3 Ne4 11. Bb2 e6 12. Ne2 Kh8 13. Nf4 Nc7 14. Qe2 Rg8 15. Nh5 f6 16. Nd2 Qe7 17. f4 Nxd2 18. Qxd2 Bh6 19. Kh2 Rg6 20. a4 Rag8 21. Rf2 Bf8 22. c5 Qe8 23. Qe2 Be7 24. Rg1 Qb8 25. Qc2 Na6 26. Bc3 b6 27. b4 Nc7 28. Qd3 b5 29. Ra2 bxa4 30. Rxa4 a6 31. Be1 Qf8 32. Ra2 Bd8 33. Qf1 Qf7 34. Ng3 Qg7 35. Ne2 Rf8 36. Qf3 Kg8 37. Nc1 e5 38. Qh5 exf4 39. exf4 Qd7 40. Ne2 Re8 41. Ng3 Ne6 42. Qxf5 Bc7 43. Rf1 Qc8 44. Nh5 Kf7 45. Bc3 Qb7 46. Re2 Qc8 47. Rfe1 Rh6 48. Kg1 Bd8 49. Bd2 Re7 50. g4 Qd7 51. Rxe6 0-1

[Event "HUN tt"]
[Site "?"]
[Date "2000.??.??"]
[Round "?"]
[White "Chernin Alexander"]
[Black "Almasi Zoltan"]
[Result "1/2-1/2"]
[WhiteElo "2583"]
[BlackElo "2676"]
[PlyCount "23"]
[EventDate "2000.??.??"]
[Source "www.chesslib.no"]
[SourceDate "2004.05.04"]

1. d4 d5 2. c4 c6 3. Nc3 Nf6 4. e3 g6 5. Nf3 Bg7 6. Be2 O-O 7. O-O Bg4 8. cxd5 cxd5 9. Qb3 b6 10. h3 Bxf3 11. Bxf3 e6 12. Bd2 1/2-1/2

[Event "Julian Borowski-A"]
[Site "Essen"]
[Date "2000.05.05"]
[Round "8"]
[White "Hansen, Curt"]
[Black "Huebner, Robert"]
[Result "1/2-1/2"]
[WhiteElo "2618"]
[BlackElo "2620"]
[PlyCount "88"]
[EventDate "2000.04.27"]
[Source "ChessBase"]
[SourceDate "2000.07.27"]

1. Nf3 Nf6 2. c4 c6 3. Nc3 d5 4. e3 g6 5. d4 Bg7 6. Bd3 O-O 7. O-O dxc4 8. Bxc4 Bg4 9. h3 Bxf3 10. Qxf3 Nbd7 11. Rd1 e5 12. Bb3 Qe7 13. Bd2 Rad8 14. a3 Rfe8 15. Ba2 Nf8 16. dxe5 Qxe5 17. Be1 Ne6 18. Rac1 h5 19. Rxd8 Rxd8 20. Rd1 Rxd1 21. Qxd1 Bf8 22. b4 a6 23. Kf1 b5 24. Qd3 Be7 25. Ne2 Qd6 26. Qc2 Nd5 27. g3 Kf8 28. Kg2 Ke8 29. e4 Ndc7 30. f4 c5 31. bxc5 Qxc5 32. Qxc5 Nxc5 33. Kf3 N7e6 34. Ke3 Bd8 35. Nc3 Ba5 36. Bd2 Bb6 37. Nd5 Ba7 38. Ba5 Na4+ 39. Ke2 Nd4+ 40. Kd3 Nb2+ 41. Kd2 Nf3+ 42. Ke2 Nd4+ 43. Kd2 Nf3+ 44. Ke2 Nd4+ 1/2-1/2

[Event "ch-Euro Blitz"]
[Site "Ajaccio FRA"]
[Date "2007.10.25"]
[Round "12"]
[White "Jussupow, Ar"]
[Black "Fressinet, L."]
[Result "0-1"]
[WhiteElo "2583"]
[BlackElo "2654"]
[PlyCount "167"]
[EventDate "2007.10.25"]
[Source "www.chesslib.no"]
[SourceDate "2004.05.04"]

1. d4 d5 2. Nf3 Nf6 3. e3 g6 4. c4 c6 5. Nc3 Bg7 6. Be2 O-O 7. O-O a6 8. a4 Bg4 9. b3 Nbd7 10. Bb2 Bxf3 11. Bxf3 e6 12. a5 Re8 13. Qc2 Bf8 14. e4 dxc4 15. bxc4 e5 16. d5 Nc5 17. Rfd1 Qc7 18. h3 Rac8 19. Re1 Red8 20. Re2 Ne8 21. Bg4 Rb8 22. Nd1 h5 23. Bf3 Nd6 24. Ne3 Bg7 25. g3 Rbc8 26. Bg2 Qe7 27. Bc3 cxd5 28. Nxd5 Qf8 29. Bb4 Ne6 30. Qa2 Qe8 31. Rd1 Nd4 32. Rb2 Nxc4 33. Rbb1 Nd6 34. Nb6 Rc2 35. Qa3 N6b5 36. Qe3 Qe6 37. Nd5 Kh8 38. Rdc1 Ne2+ 39. Kh2 Rxc1 40. Rxc1 Nxc1 41. Qxc1 Rc8 42. Qe3 Nd4 43. h4 Rc2 44. Bh3 Qc6 45. Kg2 Qc4 46. Qg5 Qe2 47. Qe3 Qxe3 48. Nxe3 Ra2 49. Bc8 Nc6 50. Bc3 Nxa5 51. Nd5 Nc4 52. Bxb7 Nd6 53. Bc6 Nxe4 54. Be1 Nd6 55. Nb4 Ra1 56. Bc3 e4 57. Bxa1 Bxa1 58. Nxa6 f5 59. Nc5 Kg7 60. Nb7 Nf7 61. Bd5 Ne5 62. Nd6 Nd3 63. Bc4 Ne1+ 64. Kf1 Nf3 65. Kg2 Bd4 66. Be2 Ne5 67. Nc4 Nf7 68. f3 exf3+ 69. Kxf3 Kf6 70. Bd3 Be5 71. Be2 Bc7 72. Bd3 Nd8 73. Be2 Ne6 74. Kg2 Nd4 75. Bd3 Nb3 76. Be2 Nc5 77. Bf3 Ne4 78. Bxe4 fxe4 79. Kf2 Kf5 80. Ne3+ Ke5 81. g4 Bb6 82. gxh5 gxh5 83. Ke2 Bxe3 84. Kxe3 0-1

[Event "Phildelphia, PA"]
[Site "?"]
[Date "2004.01.18"]
[Round "4"]
[White "Izoria Zviad"]
[Black "Finegold Ben"]
[Result "1-0"]
[WhiteElo "2603"]
[BlackElo "2631"]
[PlyCount "81"]
[EventDate "2004.??.??"]
[Source "www.chesslib.no"]
[SourceDate "2004.05.04"]

1. d4 d5 2. c4 c6 3. Nf3 Nf6 4. e3 g6 5. Nc3 Bg7 6. cxd5 cxd5 7. Bb5+ Bd7 8. Qb3 Bxb5 9. Qxb5+ Qd7 10. Ne5 Qxb5 11. Nxb5 Na6 12. Ke2 O-O 13. Bd2 Ne4 14. Nd3 f6 15. Rhc1 e5 16. Be1 Rfd8 17. Rc2 Ng5 18. Bc3 e4 19. Nf4 Kf7 20. Ba5 Rd7 21. Rac1 b6 22. Bd2 Ne6 23. Nxe6 Kxe6 24. a4 Bf8 25. a5 Rb8 26. axb6 axb6 27. Rc8 Bd6 28. R8c6 Rbb7 29. Ra1 Nc7 30. Nc3 Rd8 31. Na4 Ra8 32. Bb4 Ne8 33. Bxd6 Nxd6 34. Nc5+ bxc5 35. Rxa8 cxd4 36. Rd8 d3+ 37. Kd1 Rd7 38. Rxd7 Kxd7 39. Rc5 Ke6 40. b4 Ne8 41. b5 1-0

[Event "Groningen"]
[Site "?"]
[Date "1993.??.??"]
[Round "?"]
[White "Illescas Cordoba, M."]
[Black "Huebner, R."]
[Result "1/2-1/2"]
[WhiteElo "2625"]
[BlackElo "2605"]
[PlyCount "81"]
[EventDate "1993.??.??"]
[Source "ChessBase"]
[SourceDate "1993.10.01"]

1. d4 d5 2. c4 c6 3. Nf3 Nf6 4. Nc3 g6 5. e3 Bg7 6. Be2 O-O 7. O-O dxc4 8. Bxc4 Bg4 9. h3 Bxf3 10. Qxf3 Nbd7 11. Rd1 e5 12. d5 e4 13. Nxe4 Nxe4 14. Qxe4 Nb6 15. Bb3 cxd5 16. Bxd5 Nxd5 17. Rxd5 Qb6 18. Rb1 Rad8 19. Rd2 Qa5 20. b4 Qa4 21. Qc2 Qxc2 22. Rxc2 Rc8 23. Rxc8 Rxc8 24. Bb2 Rc2 25. Bxg7 Kxg7 26. a4 b6 27. b5 Rc4 28. Ra1 f5 29. Kf1 Kf6 30. Ke2 Ke5 31. Kd3 Kd5 32. a5 Rb4 33. axb6 axb6 34. Ra7 Rb2 35. f4 h5 36. g4 hxg4 37. hxg4 fxg4 38. Rg7 Rb3+ 39. Ke2 Rb2+ 40. Kd3 Rb3+ 41. Ke2 1/2-1/2

[Event "MK Cafe Cup-A"]
[Site "Koszalin"]
[Date "1998.08.10"]
[Round "8"]
[White "Adianto, Utut"]
[Black "Hracek, Zbynek"]
[Result "1/2-1/2"]
[WhiteElo "2610"]
[BlackElo "2615"]
[PlyCount "132"]
[EventDate "1998.08.03"]
[Source "ChessBase"]
[SourceDate "1998.09.09"]

1. Nf3 c5 2. c4 g6 3. e3 Bg7 4. d4 Nf6 5. Nc3 O-O 6. Be2 cxd4 7. exd4 d5 8. h3 Nc6 9. O-O Bf5 10. Be3 dxc4 11. Bxc4 Rc8 12. Rc1 Na5 13. Be2 Be6 14. Qa4 Nc4 15. Bxc4 Bxc4 16. Rfe1 a6 17. Ne5 Be6 18. Nd3 Nd5 19. Nc5 Nxc3 20. bxc3 Bd5 21. c4 Bc6 22. Qd1 e6 23. Qg4 Qa5 24. Qh4 Qxa2 25. Bh6 Qa5 26. Bxg7 Kxg7 27. Re5 Qd8 28. Qg4 Qd6 29. h4 b6 30. Nd3 Rfd8 31. Nf4 Kh8 32. h5 Rg8 33. hxg6 Rg7 34. Qh4 Qd8 35. Qh6 Qf6 36. Rc3 Rxg6 37. Nxg6+ Qxg6 38. Qxg6 hxg6 39. d5 Bd7 40. c5 bxc5 41. dxe6 Bxe6 42. Rexc5 Rb8 43. Rc6 a5 44. Ra6 Rb1+ 45. Kh2 Ra1 46. Kg3 a4 47. f3 Ra2 48. Rc7 Bb3 49. Kh3 Rd2 50. Rc3 Kg7 51. g4 Rc2 52. Re3 Rc1 53. Kg3 Rc8 54. Ra5 Rd8 55. Rc3 Re8 56. Kh4 Rd8 57. Re3 Rh8+ 58. Kg3 Rd8 59. Rc3 Re8 60. Ra6 Rd8 61. Kh4 Re8 62. f4 Re1 63. Rc7 Be6 64. Kg5 a3 65. Re7 Re2 66. Rxa3 Bxg4 1/2-1/2

[Event "Brno"]
[Site "?"]
[Date "1994.??.??"]
[Round "?"]
[White "Stohl, I."]
[Black "Epishin, V."]
[Result "1/2-1/2"]
[WhiteElo "2560"]
[BlackElo "2650"]
[PlyCount "33"]
[EventDate "1994.??.??"]
[Source "ChessBase"]
[SourceDate "1994.06.01"]

1. d4 Nf6 2. c4 c6 3. Nf3 d5 4. e3 g6 5. Nc3 Bg7 6. Be2 O-O 7. O-O a6 8. Ne5 dxc4 9. Nxc4 b5 10. Ne5 c5 11. Bf3 Ra7 12. dxc5 Qc7 13. Nd3 Rd8 14. e4 Be6 15. Bf4 Qc8 16. Qc2 Nc6 17. Be3 1/2-1/2

[Event "Parnu"]
[Site "Parnu EST"]
[Date "1971.??.??"]
[Round "6"]
[White "Keres, Paul"]
[Black "Tal, Mikhail N"]
[Result "1/2-1/2"]
[WhiteElo "2600"]
[BlackElo "2610"]
[PlyCount "114"]
[EventDate "1971.06.??"]
[Source "www.chesslib.no"]
[SourceDate "2004.05.04"]

1. c4 g6 2. Nc3 c5 3. Nf3 Bg7 4. e3 Nf6 5. d4 O-O 6. Be2 cxd4 7. exd4 d5 8. O-O Nc6 9. Be3 b6 10. Ne5 Bb7 11. Bf3 Na5 12. cxd5 Nxd5 13. Nxd5 Bxd5 14. Rc1 Bxf3 15. Qxf3 Qd6 16. Rc2 Qe6 17. Rfc1 Bxe5 18. dxe5 Rac8 19. Bh6 Rxc2 20. Rxc2 Rd8 21. h3 Nc4 22. Qe4 b5 23. b3 Qxe5 24. Qxe5 Nxe5 25. Rc7 f6 26. Rxe7 Rd7 27. Re8+ Kf7 28. Rb8 Rd5 29. Rb7+ Nd7 30. Rxa7 g5 31. f4 Kg6 32. fxg5 fxg5 33. Ra6+ Kf7 34. Kf2 Nc5 35. Ra7+ Kg6 36. Bg7 Nd3+ 37. Kf3 h5 38. Kg3 Nc5 39. Bf8 Ne6 40. Bb4 Rd4 41. Be1 Rd3+ 42. Kf2 g4 43. hxg4 hxg4 44. Rb7 g3+ 45. Kf1 Nd4 46. Rc7 Rd1 47. Rc3 Ra1 48. Rxg3+ Kf5 49. Re3 Rxa2 50. b4 Ra1 51. Kf2 Ra2+ 52. Kg3 Rb2 53. Kh2 Nc6 54. Rf3+ Ke6 55. Rf4 Rb1 56. Bc3 Rb3 57. Rf6+ Kd7 1/2-1/2

[Event "USA-ARM"]
[Site "Glendale"]
[Date "1994.??.??"]
[Round "4"]
[White "Lputian, Smbat G"]
[Black "Gulko, Boris F"]
[Result "0-1"]
[WhiteElo "2590"]
[BlackElo "2615"]
[PlyCount "118"]
[EventDate "1994.05.??"]
[Source "ChessBase"]

1. d4 d5 2. c4 c6 3. Nf3 Nf6 4. e3 g6 5. Nc3 Bg7 6. Bd3 O-O 7. h3 c5 8. O-O cxd4 9. exd4 Nc6 10. a3 b6 11. Bg5 Bb7 12. Re1 Rc8 13. Bxf6 Bxf6 14. Nxd5 Bg7 15. Be4 Ba8 16. Nb4 Nxd4 17. Bxa8 Rxa8 18. Nxd4 Qxd4 19. Qxd4 Bxd4 20. Rab1 Rfc8 21. b3 e6 22. Red1 Bf6 23. Rd7 a5 24. Nc2 b5 25. Ne3 Rab8 26. cxb5 Rxb5 27. a4 Rb4 28. Ra7 Rc5 29. Rd1 Bd4 30. Ra8+ Kg7 31. Rd3 Rc3 32. Rxc3 Bxc3 33. Rxa5 Rxb3 34. Rc5 Bd4 35. Rb5 Rc3 36. Rb1 Bxe3 37. fxe3 Ra3 38. Kf2 Rxa4 39. g4 g5 40. Kf3 h5 41. gxh5 Rh4 42. Kg3 Rxh5 43. Rb8 f5 44. Kg2 f4 45. Kh2 Rh8 46. Rb5 Kg6 47. exf4 gxf4 48. Ra5 Rb8 49. Rc5 Rb3 50. Kg2 Rb2+ 51. Kf3 Rb4 52. Ra5 Rc4 53. Rb5 Ra4 54. Rc5 Ra3+ 55. Kg2 Kh6 56. Rb5 Ra2+ 57. Kg1 Kg6 58. Rb8 Kh5 59. Rg8 Ra3 0-1

[Event "Znojmo m 30'"]
[Site "Znojmo"]
[Date "1999.05.02"]
[Round "2"]
[White "Ftacnik, Lubomir"]
[Black "Rogers, Ian"]
[Result "0-1"]
[WhiteElo "2585"]
[BlackElo "2618"]
[PlyCount "98"]
[EventDate "1999.05.??"]
[Source "ChessBase"]
[SourceDate "1999.07.10"]

1. d4 d5 2. c4 c6 3. Nc3 Nf6 4. e3 g6 5. Nf3 Bg7 6. Be2 O-O 7. O-O Bf5 8. cxd5 Nxd5 9. Qb3 Nb6 10. Rd1 Be6 11. Qc2 Bc4 12. e4 Bxe2 13. Qxe2 N8d7 14. Bg5 Nf6 15. Rac1 a5 16. h3 a4 17. a3 Ra5 18. Be3 e6 19. Ne5 Nfd7 20. f4 Qe7 21. Bf2 f5 22. Nxd7 Nxd7 23. d5 exd5 24. exd5 Qxe2 25. Nxe2 c5 26. Be1 Raa8 27. Bc3 Rfe8 28. Re1 Bf8 29. Bd2 Nb6 30. Nc3 Bg7 31. Nb5 c4 32. Rxe8+ Rxe8 33. Ba5 Nxd5 34. Rxc4 Bxb2 35. Nd6 Re2 36. Rxa4 b6 37. Bb4 Nxf4 38. Ra8+ Kg7 39. Ra7+ Kh6 40. Nc4 b5 41. Nxb2 Rxg2+ 42. Kf1 Rxb2 43. Bf8+ Kg5 44. Rxh7 Nd3 45. Rd7 Rb3 46. Ke2 Nf4+ 47. Kd2 Nxh3 48. Be7+ Kg4 49. Rd4+ f4 0-1